000 00284nam a2200121Ia 4500
008 190216s9999||||xx |||||||||||||| ||und||
100 _aSur Ak
245 4 _aThe Stock Exchange
260 _bCalcutta The World Press Pvt Ltd
_c1958
300 _a97p
650 _aEconomics
942 _cBK
999 _c9426
_d9426